| 000 | 01143cam a2200313 4500 | ||
|---|---|---|---|
| 001 | 10321 | ||
| 005 | 20230410115545.0 | ||
| 008 | 060907s2003 nyu eng | ||
| 020 | _a9210120558 | ||
| 022 | _a0251-9461 | ||
| 035 | _9funglode10403 | ||
| 086 | _aTD/STAT.28 | ||
| 041 | _aeng | ||
| 050 | 1 | 4 |
_aHF 1016 _bU58 2003 |
| 110 | 1 | _aUnited Nations Conference on Trade and Development | |
| 130 | 0 | _aUNCTAD handbook of statistics | |
| 245 | 1 | 0 |
_aUNCTAD handbook of statistics 2003 = _bManuel de statistiques de la CNUCED 2003 / _cUnited Nations Conference on Trade and Development (UNCTAD) |
| 246 | 3 | _aUnited Nations Conference on Trade and Development handbook of statistics | |
| 246 | 3 | 1 | _aManuel de statistiques de la CNUCED |
| 260 |
_aNew York : _bUnited Nations, _c2003 |
||
| 300 |
_axxx, 419 p. ; _c30 cm. |
||
| 500 | _aNúmero de ventas (UN): E/F.03.II.D.33 | ||
| 650 | 0 |
_aCommercial statistics _vPeriodicals. |
|
| 650 | 4 | _aEstadísticas comerciales. | |
| 650 | 4 |
_aEstadísticas comerciales _y2003 _vInformes |
|
| 650 | 4 | _aUNCTAD | |
| 710 | 2 | _aUnited Nations Conference on Trade and Development. | |
| 942 |
_2lcc _cbk |
||
| 999 |
_c43550 _d43550 |
||